LEADER 01682nam a2200373 a 4500 001 000000123299 003 CaOOAMICUS 005 20101011120316.0 008 101011t2010 it a u000 u ita r 040 $aPUL$bita 041 1 $aita$heng 082 04$a930 100 1 $aSekunda, Nicholas.$0(OLS)http://pul/name/75863 240 10$aArmy of Alexander the Great.$lItaliano.$0(OLS)http://pul/title/155393 245 12$aL'esercito di Alessandro /$cNicholas Sekunda ; illustrazioni di Brian Duff, Adam Hook, Christa Hook e Angus McBride. 260 $aMilano :$bRBA Italia,$c©2010. 300 $a72 p. :$bill. ;$c25 cm. 490 1 $aRoma e Grecia. Le battaglie, gli eserciti, i grandi condottieri 500 $aPubblicazione periodica settimanale. 504 $aInclude bibliografia ed indice. 600 04$aAlexander Magnus,$d356-323 a.C.$0(OLS)http://pul/subject/2708 651 4$aGrecia antica$xStoria.$0(OLS)http://pul/subject/5349 700 1 $aHook, Adam.$0(OLS)http://pul/name/72088 700 1 $aHook, Christa.$0(OLS)http://pul/name/77601 700 1 $aMcBride, Angus.$0(OLS)http://pul/name/75866 700 1 $aDuff, Brian.$0(OLS)http://pul/name/77602 830 0$aRoma e Grecia$pLe battaglie, gli eserciti, i grandi condottieri.$0(OLS)http://pul/title/150360 850 $aPUL 852 $aPUL$W1$xDP2 Filosofia 3$y112$m930 COLL 2.29$j141854$qDDC 21$B140836$CPULBib$Z2$F140836 $H114933 $82 941 1 $a9 996 $6082$a930$9(OLS)http://pul/classification/398 996 $6245$aL'esercito di Alessandro$9(OLS)http://pul/title/155394 996 $6260$aMilano :$bRBA Italia$9(OLS)http://pul/publisher/80118 LEADER 01519nam a2200325 a 4500 001 000000176814 003 CaOOAMICUS 005 20240513110458.0 008 240513s2023 it u001 u ita r 020 $a978-88-922-4088-9* 032 $aLibriCat 040 $aPUL$bita 082 04$a220 100 1 $aScandroglio, Massimiliano,$csac.,$d1977-$0(OLS)http://pul/name/82266 245 14$aUna parola dura, ma feconda :$bil linguaggio difficile della profezia e la sua portata "evangelica" / $cMassimiliano Scandroglio . 260 $aCinisello Balsamo :$bSan Paolo,$c©2023. 300 $a186 p. ;$c21 cm 490 1 $aStudi sull'Antico e sul Nuovo Testamento 504 $aBibliografia in nota a piè pagina e alle pp. [153]-168. 630 04$aBiblia.$lEbraico$xStudio.$0(OLS)http://pul/subject/21351 630 04$aBiblia$xProfezie.$0(OLS)http://pul/subject/14259 830 0$aStudi sull'Antico e sul Nuovo Testamento.$0(OLS)http://pul/title/199803 850 $aPUL 852 $aPUL$W1$xSL Religione 3$y85$m220 COLL 8.9$j200816$qDDC 21$B205773$CPULBib$Z2$F205773 $H136989 $82 941 1 $a9 996 $6020$a978-88-922-4088-9*$9(OLS)http://pul/number/169688 996 $6082$a220$9(OLS)http://pul/classification/523 996 $6245$aUna parola dura, ma feconda :$bil linguaggio difficile della profezia e la sua portata "evangelica" / $9(OLS)http://pul/title/218304 996 $6260$aCinisello Balsamo :$bSan Paolo$9(OLS)http://pul/publisher/54577